| 000 | 00532nam a22001697a 4500 | ||
|---|---|---|---|
| 003 | NUST - PNEC | ||
| 005 | 20170116181112.0 | ||
| 008 | 151004b xxu||||| |||| 00| 0 eng d | ||
| 020 | _a8171671683 | ||
| 040 | _cLIBRARY | ||
| 082 | _a954.030924 HAL | ||
| 100 |
_912998 _aḤālī, K̲h̲vājah Alt̤āf Ḥusain |
||
| 245 |
_aHayat-i-Javed : a biographical account of Sir Sayyid _cK̲h̲vājah Alt̤āf Ḥusain Ḥālī |
||
| 260 | _cc.1994 | ||
| 650 |
_913001 _aAḥmad K̲h̲ān̲, Sayyid, Si _xGeneral books |
||
| 942 |
_2ddc _cBK |
||
| 999 |
_c69175 _d69175 |
||